000 00442nam a22001817a 4500
005 20260427154629.0
008 260422b |||||||| |||| 00| 0 eng d
020 _a9780135188996
082 _a612
_bCOS-B
100 _aCostanzo Linda S.
245 _aBRS Physiology :
250 _a7th.ed
260 _aChina:
_bwolter Kluwer:
_c2019.
300 _a325p.
500 _ainclude index.
650 _aMedical / Physiology
999 _c37130
_d37130